International Journal of Research in Medical Surgical Nursing (Record no. 1896)

MARC details
000 -LEADER
Fixed length control field 00589nas a22001817a 4500
003 - CONTROL NUMBER IDENTIFIER
Control field IIN
005 - DATE AND TIME OF LATEST TRANSACTION
Control field 20260519161913.0
008 - FIXED-LENGTH DATA ELEMENTS--GENERAL INFORMATION
Fixed length control field 260519c2024 |||hr|j| |||| 00| 0 eng d
022 ## - INTERNATIONAL STANDARD SERIAL NUMBER / ISSN
International Standard Serial Number 2583-3243
040 ## - CATALOGING SOURCE
Original cataloging agency IIN
245 ## - TITLE STATEMENT
Title International Journal of Research in Medical Surgical Nursing
260 ## - IMPRINT
Place of publication Uttar Pradesh
Name of publisher MAT Journals
Date of publication 2020
300 ## - PHYSICAL DESCRIPTION
Page / Vol. No Vol. 1, No. 1
310 ## - CURRENT PUBLICATION FREQUENCY
Current publication frequency Tri-annual
Date of current publication frequency April, August, December
650 ## - SUBJECT ADDED ENTRY--TOPICAL TERM
Topical term Medical Surgical
Form subdivision Research
General subdivision Nursing
856 ## - ELECTRONIC LOCATION AND ACCESS
Uniform Resource Identifier https://matjournals.com/International-Journal-of-Research-in-Medical-Surgical-Nursing.html
942 ## - ADDED ENTRY ELEMENTS (KOHA)
Koha item type Serials

No items available.

© Ideal Institute Of Nursing, All rights reserved.         Powered by Koha